000 01882nam0a2200337 4500
001 RU\NLR\BIBL_A\022573956
005 20260405150326.0
010 _a978-5-9912-1112-3
_9500
035 _a(NLR Aleph) 022573956
090 _a13543453
_c13543453
100 _a20250626d2024 u y0rusy50 ca
101 0 _arus
102 _aRU
105 _aa j 000yy
181 0 _ai
_baxxe
182 0 _an
200 1 _aСимвольные математические вычисления средствами SymPy Python
_eучебное пособие для студентов вузов, обучающихся по направлению подготовки: 09.03.03 "Прикладная информатика" (бакалавриат)
_fН. В. Шакин, А. В. Загвоздкина, А. Г. Мацкевич
203 _aТекст
_bвизуальный
_cнепосредственный
210 _aМосква
_cГорячая линия – Телеком
_d2024
215 _a319 с.
_cил., табл.
_d21
320 _aБиблиогр.: 314–315 (16 назв.)
606 1 _aPYTHON SYMPY, библиотека программ
_jУчебные издания для высших учебных заведений
_92646923
_3RU\NLR\AUTH\6601746451
606 1 _aМатематика
_jУчебные издания для высших учебных заведений
_xЗадачи
_xРешение на компьютерах
_92088990
_3RU\NLR\AUTH\661264590
686 1 _aВ192.1с116я73-1
700 1 _aШакин
_bВ. Н.
_gВиктор Николаевич
701 1 _aЗагвоздкина
_bА. В.
_gАнна Викторовна
701 1 _8rus
_7ca
_aМацкевич
_bА. Г.
_gАндрей Георгиевич
_3RU\NLR\AUTH\7761644
_944574
942 _cBOOK
980 _aNB